000 01006nam a2200205 i 4500
001 151939
003 ES-MaACL
005 20250911063556.0
008 931025s1879 sp |||| | spa d
100 1 _aBermejo, Ildefonso Antonio,
_d1820-1892
_9147880
245 1 0 _aA espaldas de su marido
_b: comedia en dos actos y en prosa /
_coriginal de Ildefonso Antonio Bermejo.
260 _aMadrid :
_b[Hijos de A. Gullon, Editores],
_c1879 (
_fImprenta de José Rodriguez)
300 _a46 p. ;
_c18 cm.
490 1 _aEl teatro: coleccion de obras dramáticas y líricas
594 _aEn port.: Estrenada... en el Teatro de Variedades, el día 13 de Marzo de 1879.
596 1 _aEditor tomado de cub.
830 0 3 _aEl teatro: colección de obras dramática y líricas
_9221753
852 _aES-MaACL
_jF-8593(10)
_z-- Enc. pasta española
_z-- Enc. en un vol. facticio formando parte de la col. facticia "Teatro español moderno", vol. 46
_q.- Falto de la cub. original
999 _c151939
_d151939